<?xml version="1.0" encoding="UTF-8"?>
<record
    xmlns:xsi="http://www.w3.org/2001/XMLSchema-instance"
    xsi:schemaLocation="http://www.loc.gov/MARC21/slim http://www.loc.gov/standards/marcxml/schema/MARC21slim.xsd"
    xmlns="http://www.loc.gov/MARC21/slim">

  <leader>00385nam a2200157Ia 4500</leader>
  <controlfield tag="008">220803s9999    xx            000 0 und d</controlfield>
  <datafield tag="020" ind1=" " ind2=" ">
    <subfield code="a">9789385360220</subfield>
  </datafield>
  <datafield tag="041" ind1=" " ind2=" ">
    <subfield code="a">eng</subfield>
  </datafield>
  <datafield tag="082" ind1=" " ind2=" ">
    <subfield code="a">9</subfield>
  </datafield>
  <datafield tag="100" ind1=" " ind2=" ">
    <subfield code="a">Desai M.</subfield>
    <subfield code="9">26511</subfield>
  </datafield>
  <datafield tag="245" ind1=" " ind2=" ">
    <subfield code="a">Wooden Architecture Kerala.</subfield>
  </datafield>
  <datafield tag="260" ind1=" " ind2=" ">
    <subfield code="a">Ahmedabad</subfield>
    <subfield code="b">Mapin Publishing</subfield>
    <subfield code="c">2018</subfield>
  </datafield>
  <datafield tag="300" ind1=" " ind2=" ">
    <subfield code="a">280p</subfield>
  </datafield>
  <datafield tag="500" ind1=" " ind2=" ">
    <subfield code="a">30</subfield>
  </datafield>
  <datafield tag="650" ind1=" " ind2=" ">
    <subfield code="a">Building Technology</subfield>
    <subfield code="9">26512</subfield>
  </datafield>
  <datafield tag="999" ind1=" " ind2=" ">
    <subfield code="c">16959</subfield>
    <subfield code="d">16959</subfield>
  </datafield>
  <datafield tag="952" ind1=" " ind2=" ">
    <subfield code="0">0</subfield>
    <subfield code="1">0</subfield>
    <subfield code="4">0</subfield>
    <subfield code="7">0</subfield>
    <subfield code="8">Book of B Arch</subfield>
    <subfield code="a">BNCA</subfield>
    <subfield code="b">BNCA</subfield>
    <subfield code="c">H5</subfield>
    <subfield code="d">2018-11-16</subfield>
    <subfield code="e">Word Book Shop</subfield>
    <subfield code="g">2919.91</subfield>
    <subfield code="l">4</subfield>
    <subfield code="o">720.93 DES</subfield>
    <subfield code="p">BNCA-BK-10930</subfield>
    <subfield code="r">2025-07-29 00:00:00</subfield>
    <subfield code="s">2025-07-23</subfield>
    <subfield code="v">2950.00</subfield>
    <subfield code="w">2018-11-15</subfield>
    <subfield code="y">RF</subfield>
    <subfield code="z">B10930</subfield>
  </datafield>
  <datafield tag="952" ind1=" " ind2=" ">
    <subfield code="0">0</subfield>
    <subfield code="1">0</subfield>
    <subfield code="4">0</subfield>
    <subfield code="7">0</subfield>
    <subfield code="8">Book of B Arch</subfield>
    <subfield code="a">BNCA</subfield>
    <subfield code="b">BNCA</subfield>
    <subfield code="d">2021-12-07</subfield>
    <subfield code="e">Word Book</subfield>
    <subfield code="g">1917.50</subfield>
    <subfield code="l">3</subfield>
    <subfield code="o">720.93 ALD</subfield>
    <subfield code="p">BNCA-BK-11574</subfield>
    <subfield code="q">2026-04-09</subfield>
    <subfield code="r">2026-04-02 09:34:43</subfield>
    <subfield code="s">2026-04-02</subfield>
    <subfield code="v">2950.00</subfield>
    <subfield code="w">2021-11-30</subfield>
    <subfield code="y">RF</subfield>
    <subfield code="z">B11574</subfield>
  </datafield>
</record>
